Acciones populares : (Registro nro. 28690)

Detalles MARC
000 -LEADER
fixed length control field 02405nam a2200277Ia 4500
003 - CONTROL NUMBER IDENTIFIER
control field CO-CtgCURN
005 - DATE AND TIME OF LATEST TRANSACTION
control field 20250408233456.0
008 - FIXED-LENGTH DATA ELEMENTS--GENERAL INFORMATION
fixed length control field 190723s1999 xx 000 0 und d
020 ## - INTERNATIONAL STANDARD BOOK NUMBER
International Standard Book Number 9586760812
040 ## - CATALOGING SOURCE
Original cataloging agency CO-CtgCURN
Language of cataloging spa
Transcribing agency coctgcurn
082 ## - DEWEY DECIMAL CLASSIFICATION NUMBER
Classification number 342.861
Item number M385a
100 ## - MAIN ENTRY--PERSONAL NAME
Personal name Diez Bernal, Lucely
Relator term autora
245 #0 - TITLE STATEMENT
Title Acciones populares :
Remainder of title el ministerio público en la defensa del medio ambiente /
Statement of responsibility, etc. Lucely Diez Bernal y Jorge Enrique Martínez Bautista
260 ## - PUBLICATION, DISTRIBUTION, ETC.
Place of publication, distribution, etc. Bogotá, Colombia :
Name of publisher, distributor, etc. Ediciones Doctrina y Ley,
Date of publication, distribution, etc. 1999
300 ## - PHYSICAL DESCRIPTION
Extent 249 páginas :
Dimensions 17 centímetros
500 ## - GENERAL NOTE
General note Incluye introducción e índice
504 ## - BIBLIOGRAPHY, ETC. NOTE
Bibliography, etc. note Incluye referencias bibliográficas
505 ## - FORMATTED CONTENTS NOTE
Formatted contents note 1. Concepto -- 2. Antecedentes -- Normativos -- Jurisprudenciales -- 3. Evolución histórica -- 4. Consagración institucional -- Consideraciones generales -- Planteamientos del doctor Ciro Angarita -- 5. Intereses jurídicos protegidos -- 6. Derecho a un ambiente sano -- 7. Protección de los derechos colectivos -- 8. Propuestas en la constituyente de 1991 -- 9. Derechos e intereses colectivos -- 10. Planteamientos del doctor Alejandro Martínez Caballero -- 11. Aspectos procesales -- 12. La recompensa -- 13. Intervención de la Procuraduría General de la Nación marco de competencia -- 14. la acción de tutela, las acciones populares y de cumplimiento, en materia ambiental, frente a la jurisprudencia de la Corte Constitucional -- 15. Protección del medio ambiente por medio de la tutela y de la acción popular -- 16. Principios y criterios para la protección del derecho a un ambiente sano -- 17. Extractos de algunas acciones de tutela y populares en materia ambiental falladas por la Corte Constitucional por vía de revisión -- 18. E debate del asunto y la unificación de la jurisprudencia de la corte constitucional -- 19. El ministerio público en la defensa del medio ambiente y atribuciones del personero municipal en materia ambiental -- 20. Exposición de motivos -- Vivian Morales Hoyos -- Jaime Córdoba Triviño.
521 ## - TARGET AUDIENCE NOTE
Target audience note AREA PROFESIONAL
590 ## - LOCAL NOTE (RLIN)
Local note Programa de Derecho_18
650 ## - SUBJECT ADDED ENTRY--TOPICAL TERM
Topical term or geographic name entry element Acciones populares
Geographic subdivision Colombia
700 ## - ADDED ENTRY--PERSONAL NAME
Personal name Martínez Bautista, Jorge Enrique
Relator term autor
942 ## - ADDED ENTRY ELEMENTS (KOHA)
Koha item type Libros
Classification part 342.861
Item part M385a
Source of classification or shelving scheme Dewey Decimal Classification
Suppress in OPAC No
Existencias
Withdrawn status Lost status Source of classification or shelving scheme Damaged status Not for loan Collection Home library Current library Shelving location Date acquired Inventory number Total checkouts Full call number Barcode Date last seen Copy number Price effective from Koha item type
    Dewey Decimal Classification       Miguel Henríquez Castañeda Barranquilla Miguel Henríquez Castañeda Barranquilla General 05/23/2018 02662   342.861 M385a 02662 07/23/2019 ej.1 07/23/2019 Libros
    Dewey Decimal Classification       Miguel Henríquez Castañeda Barranquilla Miguel Henríquez Castañeda Barranquilla General 05/23/2018 03922   342.861 M385a 03922 07/23/2019 ej.2 07/23/2019 Libros